000 01289nam2a22002651 4500
001 RU\NLR\INFOCOMM19\1000035889
005 20250617155828.0
035 _a(NLR Aleph) 002759745
090 _a2220196
_c2220196
100 _a20040211d1979 |||y0rusy50 ca
101 0 _arus
102 _aRU
105 _ay |||||||||
200 1 _aОбзор экспертной практики производства судебных автотехнических экспертиз по различным видам исследования (наезды, столкновения)
_fК.Е. Элин, В.В. Малаха
210 _d1979
_aБ. м.
461 0 _1001RU\NLR\INFOCOMM19\1000035864
_12001#$aОбзорная информация$fМ-во юстиции СССР. ВНИИ судебных экспертиз. ВНИИСЭ$v1979, 6
_92220015
_aВНИИ судебных экспертиз
_cМ.
_d1976-
_fМ-во юстиции СССР. ВНИИ судебных экспертиз. ВНИИСЭ
_tОбзорная информация
_v1979, 6
700 1 _aЭлин
_bК.Е.
_4070
701 1 _aМалаха
_bВ.В.
_4070
801 1 _aRU
_bInfoComm
_c20040211
801 0 _aRU
_bNLR
_gPSBO
852 _aNLR
_jП22/4488
942 _cISSUE
980 _aNB
980 _aRUSPER